|
|
|
|
| LEADER |
00000nab a2200000 ar4500 |
| 001 |
vtls009304710 |
| 003 |
SK-MaSNL |
| 005 |
20260426085016.0 |
| 008 |
250506c2007 xo qr|p|||||||000 b|slo |
| 015 |
|
|
|a SNBRB2008/06
|2 snkbucl
|
| 035 |
|
|
|a (sysno)vtls009304710
|
| 035 |
|
|
|a urn:nbn:sk:snk-ab77uu
|
| 035 |
|
|
|a (uuid)e161c347-487a-48d2-bc70-f6575d624020
|
| 035 |
|
|
|a (urnnbn)urn:nbn:sk:snk:ar-a074tt
|
| 038 |
|
|
|a SNKBUCL
|
| 040 |
|
|
|a SNKBUCL
|b slo
|c SNKBUCL
|e AACR2
|
| 041 |
0 |
|
|a slo
|
| 044 |
|
|
|a xo
|c SK
|
| 080 |
|
|
|a 21/29-1/-9
|2 2001
|
| 100 |
1 |
|
|a Stríženec, Michal,
|d 1953-
|4 aut
|9 155423
|
| 245 |
1 |
0 |
|a Kvasničková, A.,: Náboženstvo ako kolektívna pamäť: prípad Slovenska a Čiech
|c Michal Stríženec
|
| 650 |
0 |
7 |
|a náboženstvo
|2 snkbucl
|9 2023
|
| 650 |
0 |
7 |
|a kolektívna pamäť
|2 snkbucl
|9 86014
|
| 651 |
|
7 |
|a Slovensko
|2 snkbucl
|9 14231
|
| 651 |
|
7 |
|a Česko
|2 snkbucl
|9 16753
|
| 655 |
|
7 |
|a recenzie
|2 snkbucl
|9 21907
|
| 773 |
0 |
|
|t Teologický časopis
|g Roč. V, č. 2 (2007), s. 65-66
|x 1336-3395
|
| 787 |
0 |
8 |
|i Rec.:
|a Kvasničková, A.
|t Náboženstvo ako kolektívna pamäť: prípad Slovenska a Čiech
|d Bratislava : Univerzita Komenského, 2005
|z 8022321249
|
| 850 |
|
|
|a Slovenská národná knižnica
|
| 852 |
|
|
|a Slovenská národná knižnica
|
| 954 |
|
|
|a odborná, vedecká literatúra pôvodná (slovenská)
|2 lita
|
| 958 |
|
|
|a article27
|
| 958 |
|
|
|a SK
|
| 958 |
|
|
|a NT
|
| 958 |
|
|
|a OND
|
| 958 |
|
|
|a EUIPO
|
| 999 |
|
|
|c 2951221
|d 2953151
|